| 000 | 01025nam a22002537a 4500 | ||
|---|---|---|---|
| 005 | 20170124103048.0 | ||
| 010 | _aB-243248 | ||
| 020 |
_c100.00 _a8126311649 |
||
| 035 | _aB-243248 | ||
| 037 | _bCen Lib/Ret | ||
| 040 |
_aDPL _bHN |
||
| 082 |
_aक _bसेठरा |
||
| 100 |
_aसेठ, राजी _92233 |
||
| 245 |
_aग़मे-हयात ने मारा / _cराजी सेठ |
||
| 246 |
_aGame-hayat ne maara / _bby Raji Seth |
||
| 260 |
_aनयी दिल्ली _bभारतीय ज्ञानपीठ _c2006 |
||
| 270 |
_bनयी दिल्ली _e110003 _a18, इंस्टीट्यूशनल एरिया, लोदी रोड |
||
| 300 |
_a132पृ. _c20सेमी(सजिल्द) |
||
| 650 |
_aहिन्दी साहित्य _969556 |
||
| 650 |
_aहिन्दी -- लघु कथाएँ _945972 |
||
| 650 |
_aHindi literature _969557 |
||
| 650 |
_aHindi -- short stories _929625 |
||
| 942 |
_2ddc _cHN _hक _mसेठरा |
||
| 999 |
_c117013 _d117013 |
||